[Event "Belgrade City-chT"]
[Site "Belgrade"]
[Date "2013.11.10"]
[Round "6"]
[White "Jakovljevic, Zivota"]
[Black "Zivkovic, Miroslav"]
[Result "1-0"]
[WhiteElo "2137"]
[BlackElo "2065"]
[PlyCount "98"]
[EventDate "2013.10.26"]
[EventType "team-tourn"]
[EventRounds "11"]
[EventCountry "SRB"]
[SourceTitle "EXT 2015"]
[Source "ChessBase"]
[SourceDate "2014.11.20"]
[SourceVersion "1"]
[SourceVersionDate "2014.11.20"]
[SourceQuality "1"]

1. d4 Nf6 2. c4 e5 3. dxe5 Ng4 4. Nf3 Bc5 5. e3 Nc6 6. Nc3 0-0 7. Be2 Re8 8. b3 Ngxe5 9. Bb2 a5 10. a3 Bf8 11. Nd5 d6 12. Qc2 f6 13. Nd4 Nxd4 14. Bxd4 Nc6 15. Bb2 Be6 16. Bd3 h6 17. Bh7+ Kh8 18. Bg6 Ne7 19. Bxe8 Nxd5 20. cxd5 Bxd5 21. 0-0 Qxe8 22. b4 axb4 23. axb4 Rc8 24. Qd2 Bc6 25. f3 Bb5 26. Rfe1 c6 27. e4 Qf7 28. f4 Re8 29. e5 dxe5 30. fxe5 fxe5 31. Rxe5 Rxe5 32. Bxe5 Kg8 33. Bd6 Bxd6 34. Qxd6 Qc4 35. Re1 b6 36. Qe6+ Qxe6 37. Rxe6 Kf7 38. Rd6 Ke7 39. Rg6 Kf7 40. Rg3 Bc4 41. Kf2 Bd5 42. Re3 Kf6 43. g3 c5 44. bxc5 bxc5 45. Ke2 g6 46. Ra3 h5 47. Ra5 Be4 48. Ke3 Bb1 49. Rxc5 Bf5 1-0

[Event "Belgrade City-chT"]
[Site "Belgrade"]
[Date "2013.11.09"]
[Round "5"]
[White "Petrovic, Zoran"]
[Black "Zivkovic, Miroslav"]
[Result "1/2-1/2"]
[WhiteElo "2165"]
[BlackElo "2065"]
[PlyCount "21"]
[EventDate "2013.10.26"]
[EventType "team-tourn"]
[EventRounds "11"]
[EventCountry "SRB"]
[SourceTitle "EXT 2015"]
[Source "ChessBase"]
[SourceDate "2014.11.20"]
[SourceVersion "1"]
[SourceVersionDate "2014.11.20"]
[SourceQuality "1"]

1. e4 c5 2. Nf3 d6 3. c3 Nf6 4. Bd3 g6 5. Bc2 Bg7 6. h3 Nc6 7. d3 0-0 8. 0-0 b6 9. Be3 Bb7 10. a3 Rc8 11. Nbd2 1/2-1/2

[Event "Belgrade tt Cup"]
[Site "Belgrade"]
[Date "2010.04.15"]
[Round "2.9"]
[White "Zivkovic, Miroslav"]
[Black "Masovic, Slobodanka"]
[Result "1-0"]
[WhiteElo "2063"]
[BlackElo "1966"]
[PlyCount "33"]
[EventDate "2010.04.14"]
[EventType "team-tourn"]
[EventRounds "5"]
[EventCountry "SRB"]
[SourceTitle "EXT 2012"]
[Source "ChessBase"]
[SourceDate "2011.11.24"]
[SourceVersion "1"]
[SourceVersionDate "2011.11.24"]
[SourceQuality "1"]

1. e4 e5 2. d4 exd4 3. Qxd4 Nc6 4. Qe3 Nf6 5. Nc3 Bb4 6. Bd2 0-0 7. 0-0-0 Re8 8. Bc4 d6 9. Nf3 Bc5 10. Qf4 Ne5 11. Nxe5 dxe5 12. Qh4 c6 13. Bg5 Qe7 14. Rd3 h6 15. Bxh6 gxh6 16. Qxh6 Nh7 17. Rg3+ 1-0

[Event "Belgrade Spring op"]
[Site "Belgrade"]
[Date "2005.03.30"]
[Round "6"]
[White "Bozovic, Vladimir"]
[Black "Zivkovic, Miroslav"]
[Result "1-0"]
[WhiteElo "2186"]
[BlackElo "2036"]
[PlyCount "115"]
[EventDate "2005.03.25"]
[EventType "swiss"]
[EventRounds "9"]
[EventCountry "YUG"]
[SourceTitle "CBM 105 Extra"]
[Source "ChessBase"]
[SourceDate "2005.05.01"]
[SourceVersion "1"]
[SourceVersionDate "2005.05.01"]
[SourceQuality "1"]

1. e4 c5 2. Nf3 d6 3. Bc4 Nc6 4. 0-0 g6 5. c3 Bg7 6. h3 Nf6 7. Re1 0-0 8. d3 b6 9. Nbd2 Bb7 10. Nf1 e6 11. Bb3 Rc8 12. Ng3 b5 13. Bg5 Qb6 14. Qd2 Ne5 15. Nxe5 dxe5 16. Bh6 Rfd8 17. Bxg7 Kxg7 18. Rad1 c4 19. Bc2 cxd3 20. Bxd3 Rd7 21. Qe2 Rcd8 22. Bc2 Rxd1 23. Rxd1 Rxd1+ 24. Qxd1 h5 25. Qe2 b4 26. Qc4 bxc3 27. Qxc3 Qc6 28. Qxc6 Bxc6 29. f3 Nd7 30. Ne2 f5 31. b4 Kf6 32. a4 Ke7 33. Kf2 h4 34. Ke3 Nb6 35. b5 Bd7 36. Kd3 Kd6 37. Kc3 Kc5 38. Nc1 Bc8 39. Nb3+ Kd6 40. Kb4 Nd7 41. Nd2 a6 42. Nc4+ Kc7 43. Ka5 axb5 44. axb5 Bb7 45. b6+ Kc6 46. Ba4+ Kc5 47. Bxd7 Kxc4 48. Bxe6+ Kd4 49. exf5 e4 50. fxe4 gxf5 51. Bxf5 Ke5 52. Kb5 Kd6 53. Bg4 Bxe4 54. Bf3 Bd3+ 55. Kb4 Bf1 56. b7 Kc7 57. Kc5 Ba6 58. Kd4 1-0

[Event "Belgrade Spring op"]
[Site "Belgrade"]
[Date "2005.03.27"]
[Round "3"]
[White "Jovicic, Radosav"]
[Black "Zivkovic, Miroslav"]
[Result "1-0"]
[WhiteElo "2246"]
[BlackElo "2036"]
[PlyCount "59"]
[EventDate "2005.03.25"]
[EventType "swiss"]
[EventRounds "9"]
[EventCountry "YUG"]
[SourceTitle "CBM 105 Extra"]
[Source "ChessBase"]
[SourceDate "2005.05.01"]
[SourceVersion "1"]
[SourceVersionDate "2005.05.01"]
[SourceQuality "1"]

1. d4 Nf6 2. Nf3 e6 3. c4 c5 4. Nc3 cxd4 5. Nxd4 a6 6. g3 Bb4 7. Bg2 0-0 8. Bd2 Nc6 9. Nc2 Bc5 10. 0-0 d5 11. cxd5 exd5 12. Bg5 d4 13. Ne4 Be7 14. Nxf6+ Bxf6 15. Bxf6 Qxf6 16. Bxc6 bxc6 17. Qxd4 Qe7 18. Qe3 Qf6 19. Qc3 Qe7 20. Rfe1 c5 21. e4 Bb7 22. f3 h5 23. Ne3 g6 24. Rac1 Rac8 25. Rcd1 h4 26. Ng4 f6 27. e5 f5 28. Nf6+ Rxf6 29. exf6 Qc7 30. Re7 1-0

[Event "Belgrade Spring op"]
[Site "Belgrade"]
[Date "2005.03.26"]
[Round "2"]
[White "Zivkovic, Miroslav"]
[Black "Simic, Zeljko"]
[Result "1-0"]
[WhiteElo "2036"]
[BlackElo "2200"]
[PlyCount "67"]
[EventDate "2005.03.25"]
[EventType "swiss"]
[EventRounds "9"]
[EventCountry "YUG"]
[SourceTitle "CBM 105 Extra"]
[Source "ChessBase"]
[SourceDate "2005.05.01"]
[SourceVersion "1"]
[SourceVersionDate "2005.05.01"]
[SourceQuality "1"]

1. e4 c5 2. Nf3 e6 3. d4 cxd4 4. c3 Nf6 5. e5 Nd5 6. cxd4 d6 7. Bc4 Nb6 8. Bb3 dxe5 9. Nxe5 Bb4+ 10. Nc3 0-0 11. 0-0 Nc6 12. Nf3 Be7 13. Bf4 Na5 14. Bc2 Nd5 15. Nxd5 Qxd5 16. Re1 Rd8 17. Re5 Qc6 18. Rxa5 Qb6 19. Qd3 g6 20. Rb5 Qc6 21. Ne5 Qe8 22. Nf3 b6 23. Rb3 Bb7 24. Rd1 Rac8 25. Rc3 Bb4 26. Rxc8 Rxc8 27. Bb3 Rd8 28. h4 Bc5 29. Bg5 Be7 30. Qe3 Bxg5 31. Nxg5 Qc6 32. f3 Qd6 33. Ne4 Qe7 34. Qg5 1-0